Central-Library-PUMHS

Online Public Access Catalogue

Welcome to PUMHS Central Library Nawabshah, SBA

Daniel's & Worthingham's Muscle testing Techniques of Manual Examination (Record no. 37929)

000 -LEADER
fixed length control field 00315nam a22001337a 4500
082 ## - DEWEY DECIMAL CLASSIFICATION NUMBER
Classification number 616.075 AVE
100 ## - MAIN ENTRY--AUTHOR NAME
Personal name Avers Dale
245 ## - TITLE STATEMENT
Title Daniel's & Worthingham's Muscle testing Techniques of Manual Examination
250 ## - EDITION STATEMENT
Edition statement 10th Edition
260 ## - PUBLICATION, DISTRIBUTION, ETC. (IMPRINT)
Year of publication 2019
300 ## - PHYSICAL DESCRIPTION
Number of Pages 400
650 ## - SUBJECT ADDED ENTRY--TOPICAL TERM
Topical Term Techniques
942 ## - ADDED ENTRY ELEMENTS (KOHA)
Koha item type Books
Holdings
Withdrawn status Lost status Permanent Location Current Location Shelving location Date acquired Source of acquisition Cost, normal purchase price Full call number Accession Number Koha item type
    Central Library New Campus PUMHS Nawabshah,(SBA) Central Library New Campus PUMHS Nawabshah,(SBA) Physiotherapy 2026-03-06 M/S Allied Bill No A 25050055 Date 13/5/2025 22948.41 616.075 AVE 41238 Ref Books

Copyright © 2018,The PUMHSW, Nawabshah, Shaheed Benazirabad. All rights reserved
Mr. Abdul Sattar Mahar (Chief Librarian) PUMHSW, Nawabshah, Sindh, Pakistan 67480.
Ph#: | 0244-9370425 Ext. 2241 Email| librarian@pumhs.edu.pk Web| http://www.pumhs.edu.pk
سنڌي ڪي بورڊ